Statistics for Doctor Who-NuWhoniverse Episodes

Click here to take the quiz!

General Stats

  • This quiz has been taken 41 times
    (13 since last reset)
  • The average score is 93 of 251

Answer Stats

ShowEpisodeSeasonEp No.% Correct
DWRose101
100%
DWDalek106
78%
DWThe End of the World102
78%
DWFather's Day108
67%
DWSchool Reunion203
67%
DWSilence in the Library408
67%
DWThe Christmas Invasion200
67%
DWThe Girl in The Fireplace204
67%
DWTooth and Claw202
67%
DWAliens of London104
56%
DWBad Wolf112
56%
DWBlink310
56%
DWBoom Town111
56%
DWDoomsday213
56%
DWLet's Kill Hitler608
56%
DWNew Earth201
56%
DWSmith and Jones301
56%
DWThe Age of Steel206
56%
DWThe Daleks in Manhattan304
56%
DWThe Day of the Doctor715
56%
DWThe Doctor Dances110
56%
DWThe Doctor's Wife604
56%
DWThe Eleventh Hour501
56%
DWThe Empty Child109
56%
DWThe Girl Who Waited610
56%
DWThe Long Game107
56%
CLThe Lost108
56%
DWThe Runaway Bride300
56%
DWThe Unquiet Dead103
56%
DWVoyage of the Damned400
56%
DWWorld War Three105
56%
DWA Christmas Carol600
44%
TWAdrift211
44%
DWAmy's Choice507
44%
DWArmy of Ghosts212
44%
DWAsylum of the Daleks701
44%
TWCaptain Jack Harkness111
44%
DWCold Blood509
44%
DWCold War709
44%
TWDay 1301
44%
TWDay One102
44%
DWEvolution of the Daleks305
44%
DWFear Her211
44%
DWFlesh and Stone505
44%
DWForest of the Dead409
44%
DWFugitive of the Judoon1205
44%
DWGridlock303
44%
DWHide710
44%
DWHuman Nature308
44%
DWJourney's End413
44%
TWKiss Kiss, Bang Bang201
44%
DWLegend of the Sea Devils1308
44%
DWLove and Monsters210
44%
DWMidnight410
44%
DWNightmare in Silver713
44%
DWOnce Upon time1303
44%
DWOxygen1005
44%
DWSmile1002
44%
DWSurvivors of the Flux1305
44%
DWThe Angels Take Manhattan705
44%
DWThe Doctor's Daughter406
44%
DWThe Family of Blood309
44%
DWThe Fires of Pompeii402
44%
DWThe Idiots Lantern207
44%
DWThe Impossible Planet208
44%
DWThe Lazarus Experiment306
44%
DWThe Name of the Doctor714
44%
DWThe Next Doctor414
44%
DWThe Satan Pit209
44%
DWThe Shakespeare Code302
44%
DWThe Time of Angels504
44%
DWThe Time of the Doctor716
44%
DWThe Unicorn and the Wasp407
44%
DWThe Vampires of Venice506
44%
DWThe Vanquishers1306
44%
DWThe Woman Who Fell to Earth1101
44%
TWThey Keep Killing Suzie108
44%
DWTimeheist805
44%
DWTurn Left411
44%
DW42307
33%
TWAdam205
33%
TWA Day in Death208
33%
DWA Good Man Goes to War607
33%
DWArachnids in the UK1104
33%
DWAscension of the Cybermen1209
33%
DWA Town Called Mercy703
33%
DWBefore the Flood904
33%
DWCan You Hear Me1207
33%
DWClosing Time612
33%
TWCombat111
33%
TWCountrycide106
33%
TWCyberwoman104
33%
DWDark Water811
33%
TWDay 2302
33%
TWDay 3303
33%
TWDay 4304
33%
TWDay 5305
33%
DWDay of the Moon602
33%
TWDead Man Walking207
33%
DWDeath in Heaven812
33%
SJADeath of the Doctor403
33%
DWDeep Breath801
33%
DWDemons of the Punjab1106
33%
DWDinosaurs on a Spaceship702
33%
TWEnd of Days112
33%
TWEnd of the Road408
33%
DWEve of the Daleks1307
33%
TWEverything Changes101
33%
TWExit Wounds213
33%
DWExtremis1006
33%
DWFace the Raven910
33%
DWFlatline809
33%
TWFragments212
33%
TWFrom Out of the Rain210
33%
TWGhost Machine103
33%
TWGreeks Bearing Gifts107
33%
DWHeaven Sent911
33%
DWHell Bent912
33%
TWImmortal Sins407
33%
DWIn the Forest of the Night810
33%
DWInto the Dalek802
33%
DWIt Take's You Away1109
33%
DWKerblam1107
33%
DWKill the Moon807
33%
DWKnock, Knock1004
33%
DWLast Christmas900
33%
DWLast of the Timelords313
33%
DWListen804
33%
TWMeat204
33%
DWMummy on the Orient Express808
33%
DWNight Terrors609
33%
DWNikola Tesla's Night of Terror1204
33%
DWOrphan 551203
33%
TWOut of Time110
33%
DWPartners in Crime401
33%
DWPlanet of the Dead415
33%
DWPlanet of the Ood403
33%
DWPower of the Doctor1309
33%
DWPraxeus1206
33%
SJAPrisoner of the Judoon301
33%
TWRandom Shoes109
33%
TWReset206
33%
DWResolution1111
33%
DWRise of Cybermen205
33%
DWRobot of Sherwood803
33%
DWRosa1103
33%
TWSleeper202
33%
DWSleep No More909
33%
TWSmall Worlds105
33%
TWSomething Borrowed209
33%
DWSpyfall- Part 11201
33%
DWSpyfall- Part 21202
33%
DWThe Almost People606
33%
DWThe Battle of Ranskoor Av Kolos1110
33%
DWThe Beast Below502
33%
DWThe Bells of Saint John707
33%
DWThe Big Bang513
33%
DWThe Caretaker806
33%
TWThe Categories of Life405
33%
DWThe Crimson Horror712
33%
DWThe Curse of the Black Spot603
33%
DWThe Doctor Falls1012
33%
DWThe Doctor, the Widow and the Wardrobe700
33%
DWThe Eaters of Light1010
33%
DWThe Empress of Mars1009
33%
DWThe End of Time Part 1417
33%
DWThe End of Time Part 2418
33%
TWThe Gathering409
33%
DWThe Ghost Monument1102
33%
DWThe Girl Who Died905
33%
DWThe God Complex611
33%
DWThe Halloween Apocalypse1301
33%
DWThe Haunting of Villa Diodati1208
33%
DWThe Hungry Earth508
33%
DWThe Husbands of River Song913
33%
DWThe Impossible Astronaut601
33%
DWThe Lie of the Land1008
33%
DWThe Lodger511
33%
DWThe Magician's Apprentice901
33%
TWThe Middle Men406
33%
DWThe Pandorica Opens512
33%
DWThe Parting Of Ways113
33%
DWThe Pilot1001
33%
DWThe Poison Sky405
33%
DWThe Power of Three704
33%
DWThe Pyramid at the End of the World1007
33%
DWThe Rebel Flesh605
33%
DWThe Return of Doctor Mysterio1000
33%
DWThe Rings of Akhaten708
33%
DWThe Snowmen706
33%
DWThe Sontaran Stratagem404
33%
DWThe Sound of Drums312
33%
DWThe Stolen Earth412
33%
DWThe Timeless Children1210
33%
DWThe Tsuranga Conundrum1105
33%
DWThe Waters of Mars416
33%
DWThe Wedding of River Song613
33%
SJAThe Wedding of Sarah Jane Smith303
33%
DWThe Witchfinders1108
33%
DWThe Witch's Familiar902
33%
DWThe Woman Who Lived906
33%
DWThe Zygon Invasion907
33%
DWThe Zygon Inversion908
33%
DWThin Ice1003
33%
TWTo the Last Man203
33%
DWTwice Upon a Time1013
33%
DWUnder the Lake903
33%
DWUtopia311
33%
DWVictory of the Daleks503
33%
DWVillage of the Angels1304
33%
DWVincent and the Doctor510
33%
DWWar of the Sontarans1302
33%
DWWorld Enough and Time1011
33%
CLBrave-ish Heart105
22%
CLCo-Owner of a Lonely Heart104
22%
SJADay of the Clown202
22%
TWDead of Night403
22%
CLDetained106
22%
SJAEnemy of the Bane206
22%
TWEscape to L.A.404
22%
SJAEyes of the Gorgon102
22%
CLFor Tonight We Die101
22%
SJAGoodbye, Sarah Jane Smith406
22%
SJAInvasion of the Bane100
22%
DWJourney to the Center of the Tardis711
22%
SJALost in Time405
22%
SJAMark of the Berserker204
22%
CLNightvisiting103
22%
TWRendition402
22%
SJARevenge of the Slitheen101
22%
DWRevolution of the Daleks1211
22%
SJASecrets of the Stars203
22%
SJASky501
22%
CLThe Coach with the Dragon Tattoo102
22%
SJAThe Curse of Clyde Langer502
22%
SJAThe Empty Planet404
22%
SJAThe Eternity Trap304
22%
SJAThe Gift306
22%
SJAThe Last Sontaran201
22%
SJAThe Lost Boy105
22%
SJAThe Mad Woman in the Attic302
22%
SJAThe Man Who Never Was503
22%
CLThe Metaphysical Engine, or what Quill Did107
22%
SJAThe Mona Lisa's Revenge305
22%
TWThe New World401
22%
SJAThe Nightmare Man401
22%
SJAThe Temptation of Sarah-Jane Smith205
22%
SJAThe Vault of Secrets402
22%
SJAWarriors of Kudlak103
22%
SJAWhatever Happened to Sarah-Jane?104
22%
TWBloodlines410
11%

Score Distribution

Percentile by Number Answered

Percent of People with Each Score

Your Score History

You have not taken this quiz since the last reset